Statistiques concernant Personnages célèbres - Série 08

Cliquez ici pour prendre le quiz!

Statistiques générales

  • Ce quiz a été pris 570 fois
  • Le résultat moyen est 9 sur 15

Statistiques - réponses

Réponse% Correct
Dany Boon
95%
Jean Dujardin
95%
Marie Curie
81%
Vincent Cassel
79%
Victor Hugo
77%
Guillaume Canet
71%
David Douillet
64%
Daniel Auteuil
63%
Joe Dassin
60%
Nana Mouskouri
50%
Julio Iglesias
46%
Albert Camus
33%
Claude Lelouch
33%
Karen Cheryl
22%
Denis Diderot
15%

Distribution des résultats

Percentile par nombre de réponses

% des personnes avec chaque résultat

Votre développement - résultats

Vous n’avez pas pris ce quiz